000 00491cam a2200193ua 4500
001 3714
005 20260515113723.0
008 111205n ii |||gr||||Z||||||asm
040 _cMAIN
082 _a891.4514
100 _aKotoky, Prafulla,
_eAuthor.
245 1 1 _aPrabandha saptak
_cby Prafulla Kotoky
250 _a1st.
260 _aGuwahati:
_bUniversity publication dept.,992.
300 _a204p:
_c23cm.
653 _aAssamese literature
653 _aPrabandha saptak
942 _cBK
999 _c3539
_d3539